| 000 | 01330nam0a2200337 i 4500 | ||
|---|---|---|---|
| 001 | RU\NLR\BIBL_A\011545765 | ||
| 005 | 20260406131643.0 | ||
| 010 |
_a9785001081166 _910050 |
||
| 021 |
_aRU _b2017-85015 _96067 |
||
| 021 |
_aRU _b2017-85015 _96301 |
||
| 035 | _a(RuMoRGB)009447452 | ||
| 035 | _a(NLR Aleph) 011545765 | ||
| 090 |
_a12218731 _c12218731 |
||
| 100 | _a20171204d2017 km y0rusy50 ca | ||
| 101 | 0 | _arus | |
| 102 | _aRU | ||
| 105 | _aa|||z|||000ay | ||
| 200 | 1 |
_aПовесть о моём друге Игоре _e[для среднего школьного возраста] _fНиколай Носов _gрисунки Е. А. Медведева |
|
| 210 |
_aМосква _cИздательский Дом Мещерякова _d2017 |
||
| 215 |
_a172, [3] с. _cил. _d22 |
||
| 225 | 1 | _aКниги Николая Носова | |
| 333 | _a6+ | ||
| 686 |
_aШ9(2)6=Р72-471 _2rubbk |
||
| 686 | 0 | _aШ9(2)62=Р7-4 | |
| 700 | 1 |
_8rus _7ca _aНосов _bН. Н. _cдет. писатель _f1908-1976 _gНиколай Николаевич _3RU\NLR\AUTH\771588 _9111609 |
|
| 702 | 1 |
_4040 _8rus _7ca _aМедведев _bЕ. А. _cхудожник _f1934- _gЕвгений Алексеевич _3RU\NLR\AUTH\7768292 _951220 |
|
| 942 | _cBOOK | ||
| 980 | _aNBR | ||